000 00699nam a22002297a 4500
999 _c9570
_d9570
003 AR-CdUCM
008 190328b ||||| |||| 00| 0 spa d
040 _aMUNICIPALIDAD PROVINCIAL DEL CUSCO
_cBIBLIOTECA MUNICIPAL DEL CUSCO
082 _a869.56 /
_bD48P / 1949
100 _aDelgado Pastor, Amadeo
_925855
245 _aPoemas /
260 _aLima :
_bAmadeo Degado Pastor,,
_c1949.
300 _a6 páginas ;
_c21 cm.
440 _aSenda
_n3
_925856
500 _aCon dedicatoria a Luis Nieto -- Donación de la familia Nieto
505 _aContenido : Poesía
650 _aPoesía
_9444
650 _aLima
_9231
650 _aLiteratura
_9416
942 _2ddc
_cLIBROS
945 _admma